[Event "4NCL/Div2/HKF2 vs. BAR2"]
[Site "Coventry ENG"]
[Date "2006.11.12"]
[Round "4.8"]
[White "Bhatia, Kanwal K"]
[Black "Parmar, Amisha"]
[Result "0-1"]
[WhiteElo "2062"]
[BlackElo "1981"]
[PlyCount "71"]
[EventDate "2006.11.12"]
[EventType "team"]
[EventRounds "11"]
[EventCountry "ENG"]
[WhiteTeam "Barbican 4NCL 2"]
[BlackTeam "H Kingfisher 2"]

1. e4 c5 2. c3 Nf6 3. e5 Nd5 4. d4 cxd4 5. Nf3 d6 6. cxd4 Nc6 7. Bc4 e6 8. O-O
Be7 9. a3 a6 10. Qe2 O-O 11. Rd1 Qc7 12. Nbd2 b5 13. Ba2 Nf4 14. Qe3 Nd5 15.
Qe4 Nb6 16. Nf1 Bb7 17. Bb1 g6 18. Qe2 Rfd8 19. Bd3 dxe5 20. dxe5 Na5 21. Bf4
Nb3 22. Rab1 Qc6 23. Ne1 Rac8 24. Qg4 Na4 25. Ne3 Nac5 26. Bc2 Nd4 27. Bg5 Bxg5
28. Qxg5 h5 29. f3 Qc7 30. b4 Nxc2 31. N3xc2 Na4 32. Rbc1 Qb6+ 33. Kh1 Nb2 34.
Rxd8+ Rxd8 35. Qg3 Na4 36. Na1 0-1

[Event "4NCL/Div2/GUI3 vs. SLOS2"]
[Site "Coventry ENG"]
[Date "2007.01.13"]
[Round "5.1"]
[White "Cooksey, Paul S"]
[Black "Kahar, Krunal"]
[Result "1-0"]
[WhiteElo "2236"]
[BlackElo "2201"]
[PlyCount "83"]
[EventDate "2007.01.13"]
[EventType "team"]
[EventRounds "11"]
[EventCountry "ENG"]
[WhiteTeam "Guildford-ADC 3"]
[BlackTeam "Slough Sharks 2"]

1. d4 Nf6 2. Bg5 d5 3. e3 e6 4. c4 Be7 5. Nc3 O-O 6. Rc1 c6 7. Nf3 Nbd7 8. a3
a6 9. Qc2 h6 10. Bh4 b5 11. cxd5 cxd5 12. Bd3 Bb7 13. O-O Rc8 14. Qb3 Qb6 15.
Ne5 g5 16. Bg3 Nxe5 17. Bxe5 Nd7 18. Bg3 f5 19. f3 Bf6 20. Bxf5 exf5 21. Nxd5
Qe6 22. Ne7+ Kf7 23. Qxe6+ Kxe6 24. Nxc8 Rxc8 25. Rxc8 Bxc8 26. Rc1 Bb7 27. Rc7
Bd5 28. Ra7 f4 29. Rxa6+ Ke7 30. Bf2 fxe3 31. Bxe3 Nf8 32. Rb6 Bc4 33. b3 Nd7
34. Rxf6 Nxf6 35. bxc4 bxc4 36. Kf2 Nd5 37. Ke2 Kd7 38. h4 gxh4 39. Bxh6 Kc6
40. f4 Kb5 41. f5 Ka4 42. Bg5 1-0

[Event "4NCL/Div2/GUI3 vs. SLOS2"]
[Site "Coventry ENG"]
[Date "2007.01.13"]
[Round "5.2"]
[White "Ignacz, Maria"]
[Black "Richardson, Keith B"]
[Result "1-0"]
[WhiteElo "2219"]
[BlackElo "2250"]
[PlyCount "75"]
[EventDate "2007.01.13"]
[EventType "team"]
[EventRounds "11"]
[EventCountry "ENG"]
[WhiteTeam "Slough Sharks 2"]
[BlackTeam "Guildford-ADC 3"]

1. d4 g6 2. c4 Bg7 3. Nf3 Nf6 4. g3 O-O 5. Bg2 d6 6. Nc3 Nc6 7. O-O e5 8. dxe5
Nxe5 9. Nxe5 dxe5 10. Qb3 c6 11. Be3 Qc7 12. Rac1 Rd8 13. h3 h6 14. Kh2 Nh5 15.
Ne4 Nf4 16. Bxf4 exf4 17. c5 Be6 18. Qa3 Be5 19. Rcd1 b6 20. gxf4 Bxf4+ 21. Kh1
Rxd1 22. Rxd1 Rd8 23. Rg1 Be5 24. Qe3 Kh7 25. b3 Bd4 26. cxb6 axb6 27. Qf3 Qe5
28. Rd1 Ra8 29. a4 Bd5 30. Qd3 Bb2 31. Ng3 Bxg2+ 32. Kxg2 Re8 33. Qf3 Qe6 34.
Rd6 Qxd6 35. Qxf7+ Bg7 36. Qxe8 Qd5+ 37. Qe4 Qd6 38. h4 1-0

[Event "4NCL/Div2/GUI3 vs. SLOS2"]
[Site "Coventry ENG"]
[Date "2007.01.13"]
[Round "5.3"]
[White "Granat, Russell G"]
[Black "de Coverly, Roger"]
[Result "1-0"]
[WhiteElo "2264"]
[BlackElo "2092"]
[PlyCount "83"]
[EventDate "2007.01.13"]
[EventType "team"]
[EventRounds "11"]
[EventCountry "ENG"]
[WhiteTeam "Guildford-ADC 3"]
[BlackTeam "Slough Sharks 2"]

1. e4 e5 2. Nf3 Nf6 3. d3 Nc6 4. h3 d5 5. exd5 Nxd5 6. Nc3 Be7 7. Be2 Bf5 8.
O-O Nxc3 9. bxc3 e4 10. Ne1 exd3 11. cxd3 O-O 12. d4 Bd6 13. Bd3 Qf6 14. Qf3
Bxd3 15. Qxf6 gxf6 16. Nxd3 Rfe8 17. Be3 Na5 18. Rfe1 Re7 19. Bf4 Rae8 20. Rxe7
Rxe7 21. Bxd6 cxd6 22. Nf4 Kg7 23. g3 Rc7 24. Nd5 Rc4 25. Re1 Ra4 26. Re8 Nc6
27. Ne3 Rxa2 28. Nf5+ Kg6 29. Nxd6 f5 30. Nxb7 Na5 31. Nxa5 Rxa5 32. c4 Ra1+
33. Kg2 Rd1 34. Rd8 a5 35. d5 Kf6 36. Rd7 Rd4 37. c5 a4 38. c6 Rc4 39. c7 Ke5
40. d6 a3 41. Rd8 a2 42. d7 1-0

[Event "4NCL/Div2/GUI3 vs. SLOS2"]
[Site "Coventry ENG"]
[Date "2007.01.13"]
[Round "5.4"]
[White "Nelson, Omowale"]
[Black "Anderton, Matthew N"]
[Result "1/2-1/2"]
[WhiteElo "2086"]
[BlackElo "2220"]
[PlyCount "94"]
[EventDate "2007.01.13"]
[EventType "team"]
[EventRounds "11"]
[EventCountry "ENG"]
[WhiteTeam "Slough Sharks 2"]
[BlackTeam "Guildford-ADC 3"]

1. d4 Nf6 2. c4 c5 3. d5 b5 4. cxb5 a6 5. bxa6 g6 6. g3 Bxa6 7. Nc3 d6 8. Bg2
Bg7 9. Nf3 O-O 10. O-O Nbd7 11. Qc2 Qa5 12. Rd1 Rfb8 13. Bd2 Nb6 14. b3 Bc8 15.
a4 Qa6 16. e4 Bd7 17. Bf1 Qb7 18. Rab1 e6 19. dxe6 fxe6 20. Bf4 Bc6 21. Rxd6
Nxe4 22. Rxc6 Nxc3 23. Rxb6 Qxb6 24. Bxb8 Rxb8 25. Re1 Qxb3 26. Qxb3 Rxb3 27.
Rxe6 Ra3 28. Bc4 Kf8 29. Ng5 Rxa4 30. Bb3 Rb4 31. Bc2 Rb2 32. Nxh7+ Kg8 33.
Bxg6 Bd4 34. Nf6+ Kg7 35. Ng4 Nd1 36. Kg2 Nxf2 37. Nxf2 Rxf2+ 38. Kh3 Rf6 39.
Rxf6 Kxf6 40. Bd3 Kg5 41. Kg2 Kh6 42. h4 Be5 43. g4 Bf6 44. Kg3 Be7 45. Bb5 Bd8
46. g5+ Bxg5 47. hxg5+ Kxg5 1/2-1/2

[Event "4NCL/Div2/GUI3 vs. SLOS2"]
[Site "Coventry ENG"]
[Date "2007.01.13"]
[Round "5.5"]
[White "Dekker, Alain"]
[Black "Kafka, Graeme"]
[Result "1-0"]
[WhiteElo "2144"]
[BlackElo "2124"]
[PlyCount "83"]
[EventDate "2007.01.13"]
[EventType "team"]
[EventRounds "11"]
[EventCountry "ENG"]
[WhiteTeam "Guildford-ADC 3"]
[BlackTeam "Slough Sharks 2"]

1. e4 c5 2. Nf3 d6 3. d4 cxd4 4. Nxd4 Nf6 5. Nc3 g6 6. Be3 Bg7 7. f3 Nc6 8. Qd2
O-O 9. O-O-O d5 10. Qe1 e5 11. Nxc6 bxc6 12. exd5 Nxd5 13. Bc4 Be6 14. g4 Re8
15. h4 Qc7 16. Bb3 Nxe3 17. Qxe3 a5 18. h5 a4 19. Nxa4 Bxb3 20. axb3 e4 21. f4
Qb8 22. hxg6 hxg6 23. Nc3 Qb4 24. f5 Ra1+ 25. Nb1 Rea8 26. c3 Qxb3 27. Rd4 Bxd4
28. Qxd4 Rxb1+ 29. Kxb1 Qa2+ 30. Kc2 Qa4+ 31. Qxa4 Rxa4 32. fxg6 fxg6 33. Kb3
Ra5 34. Re1 Rb5+ 35. Kc4 Rxb2 36. Rxe4 Rc2 37. Kb3 Rg2 38. Kb4 Kf7 39. Kc5 Kf6
40. Kxc6 Rc2 41. c4 Rc1 42. c5 1-0

[Event "4NCL/Div2/GUI3 vs. SLOS2"]
[Site "Coventry ENG"]
[Date "2007.01.13"]
[Round "5.6"]
[White "Grassie, Duncan"]
[Black "Punnett, Alan K"]
[Result "0-1"]
[WhiteElo "2106"]
[BlackElo "2107"]
[PlyCount "88"]
[EventDate "2007.01.13"]
[EventType "team"]
[EventRounds "11"]
[EventCountry "ENG"]
[WhiteTeam "Slough Sharks 2"]
[BlackTeam "Guildford-ADC 3"]

1. d4 Nf6 2. Bg5 c5 3. Bxf6 gxf6 4. d5 Qb6 5. Qc1 d6 6. e3 Rg8 7. Nf3 Nd7 8. g3
f5 9. Bg2 Bg7 10. c3 Nf6 11. Nh4 Qa6 12. Nd2 Bd7 13. Qc2 e6 14. dxe6 fxe6 15.
Qb3 O-O-O 16. a4 d5 17. Nhf3 Ne4 18. Qa3 Kb8 19. Nxe4 fxe4 20. Nd2 Bf8 21. c4
Qa5 22. Ke2 Be8 23. Rhc1 Bh5+ 24. Ke1 Bg7 25. Rc2 dxc4 26. Bxe4 Rxd2 27. Rxd2
Rd8 28. b4 cxb3 29. Qxb3 Qxd2+ 30. Kf1 b6 31. Rb1 Qe2+ 32. Kg2 Rf8 33. Qxe6
Bf3+ 34. Kg1 Bxe4 35. Qxe4 Qxf2+ 36. Kh1 Qf3+ 37. Qxf3 Rxf3 38. Re1 Rf2 39. e4
Kc7 40. a5 Bc3 41. axb6+ axb6 42. Re3 Bd4 43. Ra3 Kb7 44. h4 c4 0-1

[Event "4NCL/Div2/GUI3 vs. SLOS2"]
[Site "Coventry ENG"]
[Date "2007.01.13"]
[Round "5.7"]
[White "Stimpson, Philip M"]
[Black "Lutton, J Ezra"]
[Result "1-0"]
[WhiteElo "2097"]
[BlackElo "2119"]
[PlyCount "75"]
[EventDate "2007.01.13"]
[EventType "team"]
[EventRounds "11"]
[EventCountry "ENG"]
[WhiteTeam "Guildford-ADC 3"]
[BlackTeam "Slough Sharks 2"]

1. e4 Nc6 2. Nf3 f5 3. exf5 d5 4. d4 Bxf5 5. Bd3 Qd7 6. O-O Nf6 7. Nc3 e6 8.
Bf4 Bd6 9. Ne5 Bxe5 10. dxe5 Ne4 11. Nxe4 Bxe4 12. Bxe4 dxe4 13. Qxd7+ Kxd7 14.
Rad1+ Ke8 15. Rfe1 Rd8 16. Rxd8+ Kxd8 17. Rxe4 Kc8 18. Kf1 Rd8 19. Ke1 Nd4 20.
c3 Nf5 21. Bg5 Rd7 22. g4 Ne7 23. Bxe7 Rxe7 24. Rd4 Rd7 25. Ke2 Rxd4 26. cxd4
c6 27. f4 g6 28. Kd3 b6 29. Ke4 Kd7 30. f5 gxf5+ 31. gxf5 exf5+ 32. Kxf5 Ke7
33. h4 a6 34. h5 a5 35. Kg5 Ke6 36. Kh6 c5 37. dxc5 bxc5 38. Kxh7 1-0

[Event "4NCL/Div2/GUI3 vs. SLOS2"]
[Site "Coventry ENG"]
[Date "2007.01.13"]
[Round "5.8"]
[White "Armstrong, Malcolm"]
[Black "Morris, Claire H"]
[Result "1-0"]
[WhiteElo "2104"]
[BlackElo "1880"]
[PlyCount "71"]
[EventDate "2007.01.13"]
[EventType "team"]
[EventRounds "11"]
[EventCountry "ENG"]
[WhiteTeam "Slough Sharks 2"]
[BlackTeam "Guildford-ADC 3"]

1. d4 Nf6 2. Nf3 g6 3. Nc3 Bg7 4. e4 d6 5. h3 O-O 6. Be3 Nbd7 7. Qd2 Re8 8. Bc4
e5 9. dxe5 Nxe5 10. Nxe5 Rxe5 11. f3 a6 12. a4 Bd7 13. Bd4 Nh5 14. g4 Qh4+ 15.
Qf2 Nf4 16. Qxh4 Ng2+ 17. Kf2 Nxh4 18. Bxe5 Bxe5 19. Ne2 g5 20. c3 Be6 21. Bxe6
fxe6 22. Rhd1 Rf8 23. Rd3 Rf6 24. a5 Kf8 25. b4 Ke7 26. Rb1 c6 27. c4 Kd7 28.
b5 cxb5 29. cxb5 axb5 30. Rxb5 Kc8 31. Rdb3 Rf7 32. a6 Kb8 33. Rxb7+ Rxb7 34.
Rxb7+ Ka8 35. Rxh7 Kb8 36. f4 1-0

[Event "4NCL/Div2/BAR2 vs. WES1"]
[Site "Coventry ENG"]
[Date "2007.01.13"]
[Round "5.1"]
[White "Twyble, Michael S"]
[Black "Corkett, Anthony R"]
[Result "1/2-1/2"]
[WhiteElo "2238"]
[BlackElo "2340"]
[PlyCount "53"]
[EventDate "2007.01.13"]
[EventType "team"]
[EventRounds "11"]
[EventCountry "ENG"]
[WhiteTeam "Barbican 4NCL 2"]
[BlackTeam "Wessex 1"]

1. d4 Nf6 2. c4 e6 3. Nc3 Bb4 4. Qc2 O-O 5. a3 Bxc3+ 6. Qxc3 b6 7. Bg5 Bb7 8.
e3 d6 9. Ne2 Nbd7 10. Qd3 Qe7 11. Nc3 d5 12. cxd5 exd5 13. Be2 Qe6 14. O-O c6
15. Qc2 Rfe8 16. Bd3 Ne4 17. Bf4 h6 18. Rae1 a5 19. Nxe4 dxe4 20. Bc4 Qe7 21.
Rc1 Rac8 22. Rfd1 Red8 23. b4 axb4 24. axb4 Nf6 25. Qa2 Nd5 26. Bxd5 Rxd5 27.
Rc4 1/2-1/2

[Event "4NCL/Div2/BAR2 vs. WES1"]
[Site "Coventry ENG"]
[Date "2007.01.13"]
[Round "5.2"]
[White "Webb, Richard M"]
[Black "Rogers, Jonathan W"]
[Result "1/2-1/2"]
[WhiteElo "2272"]
[BlackElo "2360"]
[PlyCount "32"]
[EventDate "2007.01.13"]
[EventType "team"]
[EventRounds "11"]
[EventCountry "ENG"]
[WhiteTeam "Wessex 1"]
[BlackTeam "Barbican 4NCL 2"]

1. e4 d5 2. exd5 Nf6 3. Nf3 Nxd5 4. d4 g6 5. c4 Nb6 6. Nc3 Bg7 7. Be2 O-O 8. h3
c5 9. Be3 Nc6 10. dxc5 Bxc3+ 11. bxc3 Qxd1+ 12. Kxd1 Na4 13. Kc2 Na5 14. g4 Be6
15. Nd2 Rac8 16. Rab1 a6 1/2-1/2

[Event "4NCL/Div2/BAR2 vs. WES1"]
[Site "Coventry ENG"]
[Date "2007.01.13"]
[Round "5.3"]
[White "Devereaux, Maxim"]
[Black "Upton, Ian J"]
[Result "1-0"]
[WhiteElo "2367"]
[BlackElo "2270"]
[PlyCount "65"]
[EventDate "2007.01.13"]
[EventType "team"]
[EventRounds "11"]
[EventCountry "ENG"]
[WhiteTeam "Barbican 4NCL 2"]
[BlackTeam "Wessex 1"]

1. d4 d5 2. Nf3 c5 3. dxc5 e6 4. e4 Bxc5 5. Bb5+ Nc6 6. O-O a6 7. Ba4 Nge7 8.
exd5 exd5 9. Nc3 h6 10. Re1 O-O 11. Bxc6 bxc6 12. Na4 Bd6 13. Be3 Rb8 14. Bc5
Bg4 15. Qd3 Re8 16. Nd4 Qc7 17. h3 Bd7 18. Qa3 Nc8 19. Rxe8+ Bxe8 20. Re1 Bd7
21. Bxd6 Nxd6 22. Nc5 Nc4 23. Qg3 Qxg3 24. fxg3 Be8 25. b3 Nd6 26. Nxa6 Rc8 27.
Nc5 Kf8 28. a4 Ra8 29. g4 g6 30. Kf2 Ra5 31. b4 Ra7 32. a5 Nc4 33. a6 1-0

[Event "4NCL/Div2/BAR2 vs. WES1"]
[Site "Coventry ENG"]
[Date "2007.01.13"]
[Round "5.4"]
[White "Simons, Martin J"]
[Black "Pritchett, Craig W"]
[Result "0-1"]
[WhiteElo "2223"]
[BlackElo "2298"]
[PlyCount "72"]
[EventDate "2007.01.13"]
[EventType "team"]
[EventRounds "11"]
[EventCountry "ENG"]
[WhiteTeam "Wessex 1"]
[BlackTeam "Barbican 4NCL 2"]

1. e4 c5 2. Nf3 e6 3. Nc3 a6 4. g3 b5 5. d4 Bb7 6. d5 b4 7. Na4 exd5 8. exd5 d6
9. Bg2 Nf6 10. Ng5 Be7 11. O-O Nbd7 12. Re1 O-O 13. h4 Re8 14. b3 h6 15. Nh3
Nh7 16. Bb2 Bf6 17. Qd3 Bxb2 18. Nxb2 Ne5 19. Qe2 Nf6 20. Rad1 Bc8 21. f3 Bf5
22. Qf2 Qa5 23. Na4 Bd7 24. g4 Bxa4 25. bxa4 Qxa4 26. g5 hxg5 27. hxg5 Nh7 28.
f4 Nd7 29. Be4 Ndf8 30. f5 Re5 31. Qh4 Rae8 32. f6 Qa3 33. fxg7 Kxg7 34. Rd3
Qb2 35. Nf4 Rxg5+ 36. Rg3 Ree5 0-1

[Event "4NCL/Div2/BAR2 vs. WES1"]
[Site "Coventry ENG"]
[Date "2007.01.13"]
[Round "5.5"]
[White "Taylor, Martin R"]
[Black "Ferrington, Nigel M"]
[Result "1-0"]
[WhiteElo "2323"]
[BlackElo "2116"]
[PlyCount "79"]
[EventDate "2007.01.13"]
[EventType "team"]
[EventRounds "11"]
[EventCountry "ENG"]
[WhiteTeam "Barbican 4NCL 2"]
[BlackTeam "Wessex 1"]

1. d4 Nf6 2. Bg5 Ne4 3. Bf4 c5 4. f3 Nf6 5. dxc5 Qa5+ 6. Qd2 Qxc5 7. e4 d6 8.
c4 Be6 9. Be3 Qc7 10. b3 g6 11. Nc3 Bg7 12. Rc1 Qd7 13. Nge2 O-O 14. Nf4 Nc6
15. Be2 b6 16. O-O Ne5 17. Rfd1 Qc8 18. Qe1 Bd7 19. Qh4 Bc6 20. Nfd5 Bxd5 21.
cxd5 Qd8 22. Ba6 Rb8 23. Nb5 h5 24. Rc7 Ne8 25. Rc2 Bf6 26. Qf2 Qd7 27. Qe2 Kh7
28. h3 g5 29. f4 gxf4 30. Qxh5+ Kg7 31. Bxf4 Rh8 32. Qe2 Ng6 33. Bg3 Bg5 34.
Rf1 e5 35. dxe6 Qxe6 36. Nd4 Qd7 37. Bb5 Qd8 38. Nc6 Qc7 39. Nd4 Qd8 40. Nc6
1-0

[Event "4NCL/Div2/BAR2 vs. WES1"]
[Site "Coventry ENG"]
[Date "2007.01.13"]
[Round "5.6"]
[White "Yeo, Michael J"]
[Black "Coleman, David"]
[Result "1-0"]
[WhiteElo "2144"]
[BlackElo "2251"]
[PlyCount "76"]
[EventDate "2007.01.13"]
[EventType "team"]
[EventRounds "11"]
[EventCountry "ENG"]
[WhiteTeam "Wessex 1"]
[BlackTeam "Barbican 4NCL 2"]

1. e4 c5 2. Nf3 d6 3. d4 cxd4 4. Nxd4 Nf6 5. Nc3 a6 6. Bg5 e6 7. f4 Be7 8. Qf3
Qc7 9. O-O-O Nbd7 10. Bd3 h6 11. Bh4 g5 12. fxg5 Ne5 13. Qe2 Nfg4 14. Nf3 hxg5
15. Bxg5 Bxg5+ 16. Nxg5 Qc5 17. Nh3 Bd7 18. Rd2 O-O-O 19. Nd1 Kb8 20. Qf1 Bc6
21. Nhf2 Nxh2 22. Qg1 Nhg4 23. Nxg4 Nxg4 24. Qxc5 dxc5 25. Rxh8 Rxh8 26. Nf2
Ne5 27. Bf1 Rh4 28. g3 Rh2 29. Nd3 Rxd2 30. Kxd2 Nc4+ 31. Kc3 Ne3 32. Be2 Bxe4
33. Nxc5 Bc6 34. Bh5 Be8 35. Nxe6 Nd5+ 36. Kd4 Nf6 37. Ng7 Nxh5 38. Nxh5 Kc7
1-0

[Event "4NCL/Div2/BAR2 vs. WES1"]
[Site "Coventry ENG"]
[Date "2007.01.13"]
[Round "5.7"]
[White "Taylor, Peter"]
[Black "Tunks, Dominic"]
[Result "1-0"]
[WhiteElo "2217"]
[BlackElo "2115"]
[PlyCount "53"]
[EventDate "2007.01.13"]
[EventType "team"]
[EventRounds "11"]
[EventCountry "ENG"]
[WhiteTeam "Barbican 4NCL 2"]
[BlackTeam "Wessex 1"]

1. c4 Nf6 2. Nf3 c6 3. Nc3 d5 4. d4 e6 5. Bg5 Nbd7 6. cxd5 cxd5 7. e3 Qa5 8.
Bd3 Ne4 9. O-O f5 10. Qc2 a6 11. Ne2 Ndf6 12. Bf4 Bd7 13. Rfc1 Ng4 14. Bxe4
fxe4 15. Ne5 Nxe5 16. Bxe5 Bc6 17. Nf4 Kd7 18. Qe2 Re8 19. Qh5 h6 20. a3 Qd8
21. h4 Re7 22. Qg4 h5 23. Qg3 Rf7 24. Ng6 Be7 25. Nxh8 Qxh8 26. Qg6 Qf8 27.
Qxh5 1-0

[Event "4NCL/Div2/BAR2 vs. WES1"]
[Site "Coventry ENG"]
[Date "2007.01.13"]
[Round "5.8"]
[White "Norman, Dinah"]
[Black "Regan, Natasha"]
[Result "0-1"]
[WhiteElo "2003"]
[BlackElo "2171"]
[PlyCount "66"]
[EventDate "2007.01.13"]
[EventType "team"]
[EventRounds "11"]
[EventCountry "ENG"]
[WhiteTeam "Wessex 1"]
[BlackTeam "Barbican 4NCL 2"]

1. d4 Nf6 2. Nf3 g6 3. Bf4 Bg7 4. Nbd2 O-O 5. e3 b6 6. h3 c5 7. c3 d6 8. Bc4
Ba6 9. a4 Bxc4 10. Nxc4 Qc8 11. Ncd2 Nc6 12. O-O Re8 13. Bh2 e5 14. dxe5 dxe5
15. e4 Qa6 16. Qc2 Rad8 17. Rfe1 c4 18. Nf1 Nd7 19. Ne3 Na5 20. Nd5 Qb7 21. Qe2
Nc5 22. Nb4 Nd3 23. Nxd3 cxd3 24. Qd1 Qc6 25. Nd2 Bh6 26. Nf1 Nc4 27. Rb1 Qc5
28. Bg3 Re6 29. b4 Qc6 30. f3 Na3 31. Rb2 d2 32. Re2 Qxc3 33. Ra2 Nc4 0-1

[Event "4NCL/Div2/CAMB1 vs. WWKS1"]
[Site "Coventry ENG"]
[Date "2007.01.13"]
[Round "5.1"]
[White "Mah, Karl C C"]
[Black "Mason, Don"]
[Result "1/2-1/2"]
[WhiteElo "2422"]
[BlackElo "2249"]
[PlyCount "50"]
[EventDate "2007.01.13"]
[EventType "team"]
[EventRounds "11"]
[EventCountry "ENG"]
[WhiteTeam "Cambridge U 1"]
[BlackTeam "Warks Select 1"]

1. Nf3 Nf6 2. g3 g6 3. Bg2 Bg7 4. O-O O-O 5. d4 d5 6. c4 dxc4 7. Na3 Nc6 8.
Nxc4 Be6 9. b3 Bd5 10. Bb2 a5 11. e3 a4 12. Qe2 Ne4 13. Rfc1 b5 14. Ncd2 a3 15.
Bc3 Nxc3 16. Rxc3 e5 17. Rc5 exd4 18. e4 d3 19. Qf1 Nb4 20. exd5 Qf6 21. Rxb5
Rfb8 22. Rxb4 Rxb4 23. Rb1 Qc3 24. Qc1 Ra5 25. Ne1 Rc5 1/2-1/2

[Event "4NCL/Div2/CAMB1 vs. WWKS1"]
[Site "Coventry ENG"]
[Date "2007.01.13"]
[Round "5.2"]
[White "Hynes, Anthony"]
[Black "Alfred, Nathan S W"]
[Result "1-0"]
[WhiteElo "2248"]
[BlackElo "2318"]
[PlyCount "73"]
[EventDate "2007.01.13"]
[EventType "team"]
[EventRounds "11"]
[EventCountry "ENG"]
[WhiteTeam "Warks Select 1"]
[BlackTeam "Cambridge U 1"]

1. e4 c5 2. Nf3 Nc6 3. d4 cxd4 4. Nxd4 g6 5. Nc3 Bg7 6. Nb3 Nf6 7. g4 d6 8. g5
Nd7 9. h4 Nc5 10. Bg2 a5 11. Be3 a4 12. Nxc5 dxc5 13. Qxd8+ Nxd8 14. Nd5 Ne6
15. O-O-O a3 16. b3 Rb8 17. c3 b6 18. h5 Bb7 19. Kc2 Bc6 20. f4 Rg8 21. hxg6
hxg6 22. f5 Bxd5 23. exd5 Nd8 24. Bf4 Rb7 25. fxg6 fxg6 26. Be4 Bf8 27. Rh7 b5
28. d6 Rd7 29. Bd3 c4 30. bxc4 exd6 31. Re1+ Re7 32. Rhxe7+ Bxe7 33. Bxd6 Nc6
34. cxb5 Kd7 35. Bxe7 Nxe7 36. Kb3 Nd5 37. Bc4 1-0

[Event "4NCL/Div2/CAMB1 vs. WWKS1"]
[Site "Coventry ENG"]
[Date "2007.01.13"]
[Round "5.3"]
[White "Moskovic, David M"]
[Black "Thomas, Nicholas"]
[Result "1-0"]
[WhiteElo "2273"]
[BlackElo "2296"]
[PlyCount "73"]
[EventDate "2007.01.13"]
[EventType "team"]
[EventRounds "11"]
[EventCountry "ENG"]
[WhiteTeam "Cambridge U 1"]
[BlackTeam "Warks Select 1"]

1. e4 e6 2. d3 d5 3. Nd2 Nf6 4. Ngf3 Bc5 5. Be2 Nc6 6. O-O O-O 7. c3 dxe4 8.
dxe4 a6 9. b4 Ba7 10. Qc2 Ng4 11. a4 Bd7 12. Ba3 Re8 13. h3 Nge5 14. b5 Nxf3+
15. Nxf3 Nb8 16. e5 c5 17. Qe4 Qc7 18. c4 Bc8 19. Bb2 Nd7 20. a5 Bb8 21. b6 Qd8
22. Rad1 Qe7 23. Bd3 f5 24. Qe3 h6 25. Nd2 g5 26. f4 Qg7 27. Nf3 gxf4 28. Qxf4
Nf8 29. Rd2 Bd7 30. Qe3 Ng6 31. Re2 Bc6 32. Kh2 Rd8 33. Bb1 Kh8 34. g3 Rf8 35.
Nd2 Rg8 36. Rg1 Nh4 37. gxh4 1-0

[Event "4NCL/Div2/CAMB1 vs. WWKS1"]
[Site "Coventry ENG"]
[Date "2007.01.13"]
[Round "5.4"]
[White "James, Russell A"]
[Black "Conlon, Joe"]
[Result "1/2-1/2"]
[WhiteElo "2233"]
[BlackElo "2207"]
[PlyCount "100"]
[EventDate "2007.01.13"]
[EventType "team"]
[EventRounds "11"]
[EventCountry "ENG"]
[WhiteTeam "Warks Select 1"]
[BlackTeam "Cambridge U 1"]

1. d4 Nf6 2. Bg5 Ne4 3. Bf4 d5 4. e3 c5 5. Bd3 cxd4 6. exd4 Qb6 7. Bxe4 dxe4 8.
Ne2 g5 9. Be5 f6 10. Bxb8 Rxb8 11. Nbc3 f5 12. Qd2 Bh6 13. O-O-O Qd6 14. g4 b5
15. Kb1 b4 16. Na4 f4 17. Nc5 Qd5 18. h3 O-O 19. Nc1 f3 20. Rhe1 Rf4 21. Qe3
Rb6 22. Qb3 e6 23. Qa4 a6 24. N1b3 Bg7 25. Qa5 Rb5 26. Qc7 Bb7 27. Nxb7 Rxb7
28. Qa5 Qxa5 29. Nxa5 Rd7 30. c3 h5 31. Rg1 Kh7 32. Rde1 Kh6 33. Nb3 Rd6 34.
Nc5 bxc3 35. bxc3 e5 36. dxe5 Rd2 37. Nxe4 Re2 38. Rxe2 fxe2 39. Ng3 Rxf2 40.
Re1 Bxe5 41. Nxe2 Rh2 42. Ng1 Bxc3 43. Re6+ Kg7 44. gxh5 Rb2+ 45. Kc1 Rxa2 46.
Nf3 Bf6 47. h6+ Kf7 48. Rb6 Re2 49. h7 Re8 50. Rxa6 Rh8 1/2-1/2

[Event "4NCL/Div2/CAMB1 vs. WWKS1"]
[Site "Coventry ENG"]
[Date "2007.01.13"]
[Round "5.5"]
[White "Hodge, David J"]
[Black "Clark, Stephen P"]
[Result "1-0"]
[WhiteElo "2183"]
[BlackElo "2138"]
[PlyCount "69"]
[EventDate "2007.01.13"]
[EventType "team"]
[EventRounds "11"]
[EventCountry "ENG"]
[WhiteTeam "Cambridge U 1"]
[BlackTeam "Warks Select 1"]

1. e4 c6 2. Nf3 d5 3. Nc3 Bg4 4. h3 Bxf3 5. Qxf3 Nf6 6. d3 e6 7. Bd2 Nbd7 8. g4
h6 9. Be2 Qc7 10. h4 O-O-O 11. O-O-O d4 12. Nb1 Ne5 13. Qg3 c5 14. g5 hxg5 15.
hxg5 Rxh1 16. Rxh1 Nfd7 17. Na3 Nc6 18. Qxc7+ Kxc7 19. f4 f6 20. gxf6 Nxf6 21.
Rg1 a6 22. c3 e5 23. fxe5 Nxe5 24. Bf4 Bd6 25. Rxg7+ Kb8 26. Bxe5 Bxe5 27. Nc4
Bf4+ 28. Kc2 Rh8 29. e5 Nd5 30. Bf3 Ne3+ 31. Kb3 Nxc4 32. Rxb7+ Kc8 33. Kxc4
Bxe5 34. Kxc5 dxc3 35. bxc3 1-0

[Event "4NCL/Div2/CAMB1 vs. WWKS1"]
[Site "Coventry ENG"]
[Date "2007.01.13"]
[Round "5.6"]
[White "Shephard, Chris C W"]
[Black "Garner, David"]
[Result "0-1"]
[WhiteElo "2180"]
[BlackElo "2188"]
[PlyCount "60"]
[EventDate "2007.01.13"]
[EventType "team"]
[EventRounds "11"]
[EventCountry "ENG"]
[WhiteTeam "Warks Select 1"]
[BlackTeam "Cambridge U 1"]

1. c4 Nf6 2. Nc3 e5 3. Nf3 Nc6 4. e4 Bc5 5. Nxe5 Nxe5 6. d4 Bb4 7. dxe5 Nxe4 8.
Qd4 Nxc3 9. bxc3 Be7 10. Qg4 g6 11. Bh6 d6 12. Qg3 Be6 13. O-O-O Qd7 14. Kb2
Qa4 15. Bd3 O-O-O 16. Bg5 Bxg5 17. Qxg5 Rhe8 18. Rhe1 dxe5 19. Bc2 Qxc4 20. Bb3
Qc5 21. Bxe6+ fxe6 22. Qxe5 Qxf2+ 23. Re2 Qb6+ 24. Kc2 Rxd1 25. Kxd1 Qb1+ 26.
Kd2 Qxa2+ 27. Ke3 Qd5 28. Kf4 Rf8+ 29. Kg4 Qxe5 30. Rxe5 Kd7 0-1

[Event "4NCL/Div2/CAMB1 vs. WWKS1"]
[Site "Coventry ENG"]
[Date "2007.01.13"]
[Round "5.7"]
[White "Eckersley-Waites, Adam"]
[Black "Fishburne, Stewart K"]
[Result "1/2-1/2"]
[WhiteElo "2167"]
[BlackElo "2200"]
[PlyCount "57"]
[EventDate "2007.01.13"]
[EventType "team"]
[EventRounds "11"]
[EventCountry "ENG"]
[WhiteTeam "Cambridge U 1"]
[BlackTeam "Warks Select 1"]

1. e4 g6 2. d4 Bg7 3. Nc3 d6 4. Be3 a6 5. f4 b5 6. Nf3 Bb7 7. Bd3 Nd7 8. Qe2 c5
9. dxc5 Nxc5 10. Bxc5 Bxc3+ 11. bxc3 dxc5 12. e5 e6 13. c4 bxc4 14. Bxc4 Ne7
15. O-O Bxf3 16. Qxf3 Qd4+ 17. Kh1 O-O 18. Bd3 c4 19. Be4 Rad8 20. c3 Qc5 21.
Rf2 f6 22. exf6 Rxf6 23. Rb1 e5 24. g3 exf4 25. gxf4 Nf5 26. Rfb2 Rfd6 27. Rb8
Qe3 28. Qxe3 Nxe3 29. Kg1 1/2-1/2

[Event "4NCL/Div2/CAMB1 vs. WWKS1"]
[Site "Coventry ENG"]
[Date "2007.01.13"]
[Round "5.8"]
[White "Malik, Dani"]
[Black "Broomfield, Lucy"]
[Result "1-0"]
[WhiteElo "1960"]
[BlackElo "1982"]
[PlyCount "75"]
[EventDate "2007.01.13"]
[EventType "team"]
[EventRounds "11"]
[EventCountry "ENG"]
[WhiteTeam "Warks Select 1"]
[BlackTeam "Cambridge U 1"]

1. e4 e6 2. Nf3 d5 3. e5 c5 4. b4 cxb4 5. a3 Nc6 6. axb4 Bxb4 7. c3 Be7 8. d4
f6 9. Bd3 f5 10. O-O Bd7 11. Na3 a6 12. c4 Nb4 13. Bb1 dxc4 14. Nxc4 Bb5 15.
Nd6+ Bxd6 16. exd6 Bxf1 17. Kxf1 Qxd6 18. Ba3 Qb6 19. Qe1 Nd5 20. Bxf5 Nf4 21.
Kg1 g6 22. Qe5 gxf5 23. Qxh8 O-O-O 24. Rc1+ Kb8 25. Qe5+ Ka8 26. Qxf4 Nf6 27.
Bc5 Qb2 28. Rf1 Nd5 29. Qg5 Rc8 30. Qh6 Qe2 31. Re1 Qc4 32. Qxe6 Rd8 33. Ne5
Qc3 34. Nf7 Nf4 35. Qe3 Qxe3 36. fxe3 Rd7 37. exf4 Rxf7 38. Re8# 1-0